| 000 | 00405pab a2200157 454500 | ||
|---|---|---|---|
| 008 | 180718b1998 xxu||||| |||| 00| 0 eng d | ||
| 100 | _aRoy, Tirthankar | ||
| 245 | _aA new textile policy: do we need one? | ||
| 260 | _c1998 | ||
| 300 | _ap.2563-565 | ||
| 362 | _a3 Oct | ||
| 650 | _aTextile industry - India | ||
| 650 | _aTextile industry | ||
| 773 | _aEconomic and Political Weekly | ||
| 909 | _a38915 | ||
| 999 |
_c38915 _d38915 |
||